The character of the bearers and people of the Quran (Record no. 8473)
[ view plain ]
| 000 -LEADER | |
|---|---|
| fixed length control field | 00391 a2200133 4500 |
| 040 ## - CATALOGING SOURCE | |
| Original cataloging agency | DLC |
| Language of cataloging | DLC |
| 082 ## - DEWEY DECIMAL CLASSIFICATION NUMBER | |
| Classification number | 297 |
| 100 ## - MAIN ENTRY--PERSONAL NAME | |
| Personal name | Al-Ajurri, Al-Husayan |
| 245 ## - TITLE STATEMENT | |
| Title | The character of the bearers and people of the Quran |
| Statement of responsibility, etc. | Al-Husayan Al-Ajurri & Imam Abu Bakr Muhammad |
| 260 ## - PUBLICATION, DISTRIBUTION, ETC. | |
| Place of publication, distribution, etc. | London: |
| Name of publisher, distributor, etc. | Al-Quran Society, |
| Date of publication, distribution, etc. | 2002. |
| 300 ## - PHYSICAL DESCRIPTION | |
| Extent | 80 p. ; |
| Dimensions | 24 cm. |
| 650 ## - SUBJECT ADDED ENTRY--TOPICAL TERM | |
| Topical term or geographic name entry element | Islam |
| 942 ## - ADDED ENTRY ELEMENTS (KOHA) | |
| Koha item type | Book |
| Call number prefix | 297 AJU |
| Source of classification or shelving scheme | |
| Withdrawn status | Lost status | Damaged status | Not for loan | Collection code | Permanent Location | Current Location | Shelving location | Date acquired | Source of acquisition | Total Checkouts | Full call number | Barcode | Date last seen | Date last checked out | Price effective from | Koha item type |
|---|---|---|---|---|---|---|---|---|---|---|---|---|---|---|---|---|
| Central Library (CL) | Central Library (CL) | General Stacks | 09/29/2003 | Donation | 2 | 297 AJU | SEECS003882 | 05/16/2025 | 03/08/2025 | 01/05/2017 | Book |
